| 000 | 00559nam a22001817a 4500 | ||
|---|---|---|---|
| 005 | 20260511091855.0 | ||
| 008 | 260511b |||||||| |||| 00| 0 eng d | ||
| 020 | _a9781984694645 Pbk. Bp. | ||
| 040 |
_aMMSU _cULS |
||
| 050 | _aBF 713 C65 2025 CIRC | ||
| 100 | _aCook, Owen. | ||
| 245 |
_aDevelopmental psychology / _cOwen Cook. |
||
| 260 |
_aNew York, NY : _b3G E-Learning, _c2025. |
||
| 300 |
_a294 pages : _billustrations ; _c26 cm. |
||
| 521 | _aIncludes bibliographical references and index. | ||
| 650 | _aDevelopmental psychology. | ||
| 942 |
_2lcc _cBK |
||
| 999 |
_c29129 _d29129 |
||